00426cam a2200169ua 45000010005000000080039000050200018000440400009000620410008000710820008000791000031000872450071001182500009001892600034001983000010002326530014002427179141203n ii |||gr||||Z||||||asm a9789381784211 cMAIN aasm a300 aHazarika, Dhiren,eAuthor. aSamajik jarip, gavesana pranali aru parisankhacBy Dhiren Hazarika a2nd. aJorhat:bBidya bhawan,c2013. a228p. aSociology